• 首页
  • 本馆介绍
  • 公告通知
  • 最新文献
  • 馆藏检索
  • 电子资源
  • 读者导购
  • 参考咨询
  • 我的图书馆
  • 登录
  • 详细信息显示
  • 放入我的书架
  • 预约/预借图书
  • 作者相关作品
  • 分类相关作品
  • 丛书相关作品
  • 出版社相关作品

书目信息

  • 表格格式
  • 工作单格式
  • 卡片格式
题名:
膳食营养普及必读
    
 
作者: 李遂振 编著
分册:  
出版信息: 郑州   河南科学技术出版社  2003
页数: 136页
开本: 20cm
丛书名:
单 册:
中图分类: R151.4
科图分类:
主题词: 膳食 , 食物营养 , 膳食--食物营养--基本知识
电子资源:
ISBN: 7-5349-2942-3
000 00903nam0 2200277 450
001 010000003754
005 20051213092420.95
010    @a7-5349-2942-3@dCNY10.00
092    @aCN
100    @a20050525d2003 ekmy0chiy0120 ea
101 0  @achi
102    @aCN@b410000
105    @aa az 000yy
200 1  @a膳食营养普及必读@9shan shi ying yang pu ji bi du@e家庭的营养师@f李遂振编著@Fli sui zhen bian zhu
210    @a郑州@c河南科学技术出版社@d2003
215    @a136页@c图@d20cm
320    @a有书目(第136页)
330    @a本书介绍了营养基础知识;营养与疾病;中老年人营养与健康;孕妇和乳母的合理营养与膳食等。还介绍了各种营养素的主要生理功能、营养素的缺乏症及其表现等内容。
606 0  @a膳食
606 0  @a食物营养
606 0  @a膳食@x食物营养@x基本知识
690    @aR151.4@v4
701  0 @a李遂振@Ali sui zhen@4编著
801  0 @aCN@bNLC@c20051213
905    @a10447@dR151.4@e29
999    @aWJ
    
    膳食营养普及必读:家庭的营养师/李遂振编著.-郑州:河南科学技术出版社,2003
    136页:图;20cm
    
    
    ISBN 7-5349-2942-3:CNY10.00
    本书介绍了营养基础知识;营养与疾病;中老年人营养与健康;孕妇和乳母的合理营养与膳食等。还介绍了各种营养素的主要生理功能、营养素的缺乏症及其表现等内容。
●
相关链接 在E读中查询图书 在五车中查询图书 在当当中查询图书 在豆瓣中查询图书


正题名:膳食营养普及必读     索取号:R151.4/29         预约/预借

序号 登录号 条形码 馆藏地/架位号 状态 备注
1 0371044   203710449   第二样本阅览室/ [索取号:R151.4/29] 在馆    
2 0371045   203710458   第三借阅区/ [索取号:R151.4/29] 在馆    
3 0371046   203710467   第三借阅区/ [索取号:R151.4/29] 在馆    
4 0371047   203710476   第三借阅区/ [索取号:R151.4/29] 在馆    
5 0371048   203710485   第三借阅区/ [索取号:R151.4/29] 在馆    
唐山师范学院图书馆 欢迎您!
大连网信软件有限公司© 版权所有